000 00532nam a2200181Ia 4500
008 240925s9999 xx 000 0 und d
020 _a8126503742
082 _a005.8 AND
100 _aRoss , Anderson
245 0 _aSecurity Engineering: a guide to building dependable distributed systems
250 _aNA
260 _aLondon:
_bJohn Wiley Sons
_c,2003.
300 _a396p.
_bNA
_fOriginal
500 _aIncludes Index
600 _aComputer Science
650 _aComputer science, information & general works
942 _cBK
999 _c7916
_d7916